000 00265nam a22001217a 4500
008 181008b xxu||||| |||| 00| 0 eng d
041 _aeng
080 _a321
100 _a19
101 _aSHP
245 _aThe Astronomical Revolution
_cKoyre, A
942 _2udc
_cBK
999 _c49055
_d49055